Statystyki dla White 2115 - rozpoznaj piosenkę po jednym wersie

Kliknij tutaj aby rozwiązać quiz!

Ogólne statystyki

  • Ten quiz został rozwiązany 3 793 razy
  • Średni wynik to 7 z 13

Statystyki odpowiedzi

WersOdpowiedź% Poprawnych
Szamę na wynos biorę, mówią "latynos chore", mi tylko wino polej, lepiej niech nie widzą co jestCalifornia
95%
Ciągle w jupiterach, każdy patrzy na mnie teraz, mogę wszystko, spójrz w rideraMogę dziś umierać
84%
Chcę mieć samochodów hangar, ze mną sami bracia a nie mafiaRockstar
72%
Czekałem długo, żeby się do tego zabrać, bo byłem dzieckiem, nie wiedziałem jak, a chciałem ci napisać piosenkęJaki ojciec taki syn
62%
Czuję się dzisiaj jak czwarty Migos chociaż nie noszę tych Valentino i który już miesiąc znów walę winoNowi kumple
59%
Mam przyjaciół paru, stary ich nie kupi hajs, choć wierzyłem w ludzi k*rwa, byłem głupi jak butTrzy butelki
55%
Mała wbijmy na dancefloor, potem drifty na parkingu za Tesco, napijmy się FrescoSmall town boy
53%
Dla Ciebie chowam rogi, no i skrzydła, jesteś najlepsza i ciężko to przyznać miD.evil
50%
Biorę kubek Bacardi, chodź ze mną, mała, zatańczyćGubię kroki
43%
Kiedyś wciąż mówili "nie twoje", dzisiaj Off - White, MISBHV, LaurenKurt Cobain
39%
Rap to mój zawód, ale nigdy mnie nie zawiódł, jak cię onieśmiela blask, no to okulary załóżRok
38%
I całą noc znowu szukam powrotu do domu, nie słyszę potworów, bo piję aż do zgonuM550i
28%
Nie ma tego złego, co nie ujdzie nam, jak mam być dobry, skoro widzę tyle złaSweet home
23%

Rozkład punktacji

Percentyl według liczby udzielonych odpowiedzi

Procent ludzi z każdym wynikiem

Twoja historia wyników

Nie rozwiązałeś tego quizu